000 00689nam a2200205Ia 4500
005 20250507130113.0
008 008 250505s9999 xx 000 0 eng d
037 _aTHE
040 _aEASL
_beng
_cEASL
041 _aeng
_2eng
084 _a0000003, KEL
_qEASL
100 _aKelkar Govind S.
_9534993
245 0 _aPolitical communications and mass mobilization in the Shan-kan-ning border region, China 1937-45 V. P. Dutt
260 _aIndia
_bDelhi University. Social Sciences. Chinese & Japanese Studies
_c1976
300 _a410p.
546 _aBoth Acc. Nos. are of same dissertation
650 _aTh
942 _cDIS
_h0000003, KEL
999 _c1317795
_d1317795